| 000 | 00508nam a2200169 i 4500 | ||
|---|---|---|---|
| 001 | 116713 | ||
| 003 | ES-MaACL | ||
| 005 | 20230906190744.0 | ||
| 007 | t| | ||
| 008 | 061121s1914 po r ||||1| por d | ||
| 100 | 1 |
_aPascoais, Teixeira de ( _d1877-1952) _989331 |
|
| 245 | 1 | 0 |
_aA era lusiada _b: (duas conferencias) / _cTeixeira de Pascoais. |
| 260 |
_aPorto : _bRenascença Portuguesa, _c[1914] |
||
| 300 |
_a49 p. ; _c18 cm. |
||
| 651 |
_aPortugal- _xCivilización. _99249 |
||
| 852 |
_aES-MaACL _j1552-F-5 |
||
| 999 |
_c116713 _d116713 |
||